000 nam a22 7a 4500
999 _c40438
_d40438
003 OSt
005 20170829121417.0
008 170829b xxu||||| |||| 00| 0 eng d
040 _cSEROSOFT
100 _aTORTORA, GERARD
245 _aANATOMY & PHYSIOLOGY
260 _aDELHI
_bWILLY
_c2016
300 _a1000
942 _2ddc
_c01